00543nam a2200157Ia 450000500170000000800410001704100080005808200130006610000420007924500350012126000510015630000090020765000240021699900190024095201260025920250729165753.0250729s2013 xx 000 0 und d aeng a510 DIRM aDirectorate of Pre University9232581 aMathematics part II ( II P C ) aBangalorebDirectorate of Pre Universityc2013 a285p aMathematics9232582 c239854d239854 00104070aALbALd2025-07-29eManagement Bookg66.00l0o510 DIRMpBED05173r2025-07-29 16:57:53v65.50w2025-07-29yBK